000 00479nam a2200193Ia 4500
008 170918s9999 xx 000 0 und d
020 _a9780439756631
050 _bP324 2004
100 _aPaul, Ann Whitford
245 _aMaƱana, iguana /
245 _cby Ann Whitford Paul ; illustrated by Ethan Long.
260 _aNew York :
260 _bScholastic,
260 _c2004
300 _aunpaged :
300 _bchiefly colored ;
300 _c23cm.
500 _a370
999 _c343012
_d343012